000 00483nam a2200181Ia 4500
005 20250923150234.0
008 008 250917s9999 xx 000 0 eng d
037 _aTextual
040 _aDSWL
_beng
_cDSWL
041 _aeng
_2eng
084 _qDSWL
100 _aFolgheraiter, Fabio
_9843746
245 0 _aRelation social work
_cby Fabio Folgheraiter
260 _aLondon
_bJessica Kingsley
_c2006
300 _a510 p.
942 _cTEXL
999 _c1461142
_d1461142